00441nam a2200145Ia 4500008004100000082001000041100001800051245002800069260002400097630002800121730002800149942000900177999001900186952009000205100328s9999 xx 000 0 und d b52488 aMajumdar Lila aThe Story Of Our Rivers bNational Book Trust aThe Story Of Our Rivers aThe Story Of Our Rivers cBOOK c539348d539345 00104070aRNVbRNVd2010-03-28l0pRNV-52488r2010-03-28 00:00:00w2010-03-28yBOOK